[Event "Winnipeg MCA Summer Seniors"]
[Site "Winnipeg CAN"]
[Date "2025.07.04"]
[Round "1.6"]
[White "Pacin, Ondrej"]
[Black "Coppin, Wayne"]
[Result "0-1"]
[WhiteElo "1371"]
[BlackElo "1884"]
[WhiteFideId "-1"]
[WhiteFideId "-1"]
[PlyCount "70"]
[GameId "2205803758510323"]
[EventDate "2025.07.04"]
[EventType "swiss"]
[EventRounds "4"]
[EventCountry "CAN"]

1. e4 d6 2. d4 Nf6 3. Nc3 c6 4. h3 Qa5 5. Bd3 e5 6. dxe5 dxe5 7. Bd2 Qc7 8. Nf3 Nbd7 9. O-O Nc5 10. a3 Be7 11. b4 Nxd3 12. cxd3 O-O 13. Be3 Rd8 14. Qc2 Bd6 15. Ne2 a5 16. bxa5 Rxa5 17. a4 Bd7 18. Rfb1 b5 19. axb5 cxb5 20. Qxc7 Bxc7 21. Rxa5 Bxa5 22. Nxe5 Be8 23. Nc1 Bc7 24. Nf3 Nxe4 25. d4 f6 26. Nb3 Nc3 27. Ra1 Bf7 28. Nc5 b4 29. Nd2 Ne2+ 30. Kh1 Nxd4 31. Rb1 Nc2 32. Nf1 Rd5 33. Na6 Bd6 34. Nd2 Ra5 35. Rc1 b3 0-1

[Event "Winnipeg MCA Summer Seniors"]
[Site "Winnipeg CAN"]
[Date "2025.07.04"]
[Round "1.7"]
[White "Evans, Jason"]
[Black "Nikkel, Daniel"]
[Result "1-0"]
[WhiteElo "1814"]
[BlackElo "1371"]
[WhiteFideId "-1"]
[WhiteFideId "-1"]
[PlyCount "41"]
[GameId "2205803758510324"]
[EventDate "2025.07.04"]
[EventType "swiss"]
[EventRounds "4"]
[EventCountry "CAN"]

1. e4 e5 2. Nf3 Nc6 3. Bc4 Bc5 4. b4 Bb6 5. a4 a6 6. Nc3 d6 7. Nd5 Nf6 8. Nxb6 cxb6 9. b5 Ne7 10. d3 Bg4 11. Bg5 Qd7 12. h3 Bh5 13. Bxf6 gxf6 14. Nxe5 dxe5 15. Qxh5 Ng6 16. O-O a5 17. Rfe1 O-O-O 18. Qf5 Qxf5 19. exf5 Nh4 20. Bxf7 Nxf5 21. Be6+ 1-0

[Event "Winnipeg MCA Summer Seniors"]
[Site "Winnipeg CAN"]
[Date "2025.07.04"]
[Round "1.8"]
[White "Howard, Nick"]
[Black "Adeyemi, Adebowale"]
[Result "0-1"]
[WhiteElo "1314"]
[BlackElo "1783"]
[WhiteFideId "-1"]
[WhiteFideId "-1"]
[PlyCount "80"]
[GameId "2205803758510325"]
[EventDate "2025.07.04"]
[EventType "swiss"]
[EventRounds "4"]
[EventCountry "CAN"]

1. e4 b6 2. Nf3 Bb7 3. Bd3 g6 4. Nc3 Bg7 5. Bc4 c5 6. d3 Nc6 7. O-O e6 8. Re1 Nge7 9. Bf4 a6 10. d4 cxd4 11. Ne2 e5 12. Bg3 O-O 13. c3 b5 14. Bb3 dxc3 15. bxc3 d6 16. Ng5 Na5 17. Bxf7+ Rxf7 18. Nxf7 Kxf7 19. Rf1 Nc4 20. f4 Kg8 21. fxe5 dxe5 22. Nd4 exd4 23. Qf3 Qe8 24. Rad1 Ne3 25. Qf7+ Qxf7 26. Rxf7 Kxf7 27. Re1 Nc4 28. Rf1+ Ke6 29. cxd4 Bxd4+ 30. Kh1 g5 31. e5 Bxg2+ 32. Kxg2 Ne3+ 33. Kf2 Rf8+ 34. Ke1 Nxf1 35. h4 Nxg3 36. hxg5 Kxe5 37. a4 b4 38. a5 Ke4 39. g6 Kd3 40. gxh7 Rf1# 0-1

[Event "Winnipeg MCA Summer Seniors"]
[Site "Winnipeg CAN"]
[Date "2025.07.11"]
[Round "2.1"]
[White "Kuryliw, Ray"]
[Black "Baragar, Fletcher"]
[Result "0-1"]
[WhiteElo "1920"]
[BlackElo "2256"]
[WhiteFideId "-1"]
[WhiteFideId "-1"]
[PlyCount "30"]
[GameId "2205803758510326"]
[EventDate "2025.07.04"]
[EventType "swiss"]
[EventRounds "4"]
[EventCountry "CAN"]

1. d4 Nf6 2. Bg5 c5 3. Bxf6 gxf6 4. e3 Qb6 5. Nc3 e6 6. Na4 Qa5+ 7. c3 cxd4 8. exd4 Nc6 9. Nf3 Be7 10. Bd3 Rg8 11. O-O Qh5 12. Re1 b6 13. Re3 Bb7 14. Ne1 Qh6 15. Rh3 Qxh3 0-1

[Event "Winnipeg MCA Summer Seniors"]
[Site "Winnipeg CAN"]
[Date "2025.07.11"]
[Round "2.2"]
[White "Babb, Jeff"]
[Black "Lauritson, Jim"]
[Result "1-0"]
[WhiteElo "2039"]
[BlackElo "1910"]
[WhiteFideId "-1"]
[WhiteFideId "-1"]
[PlyCount "141"]
[GameId "2205803758510327"]
[EventDate "2025.07.04"]
[EventType "swiss"]
[EventRounds "4"]
[EventCountry "CAN"]

1. f4 d5 2. Nf3 Nh6 3. e3 Nc6 4. b3 Bg4 5. Bb2 Nf5 6. Bb5 a6 7. Bxc6+ bxc6 8. O-O e6 9. Qe1 Bxf3 10. Rxf3 Be7 11. Nc3 h5 12. Ne2 Bf6 13. Bxf6 Qxf6 14. c3 c5 15. Ng3 h4 16. Nxf5 Qxf5 17. Rh3 Qg4 18. Qf2 O-O-O 19. Re1 f5 20. d3 Kb8 21. e4 dxe4 22. dxe4 Rd1 23. Rxd1 Qxd1+ 24. Qf1 Qxf1+ 25. Kxf1 fxe4 26. Ke2 e5 27. fxe5 Rh5 28. g4 Rxe5 29. Rxh4 c4 30. Rh5 cxb3 31. axb3 Re6 32. Ke3 Kb7 33. h4 Kc6 34. Rf5 Kd6 35. b4 Kc6 36. g5 Kd6 37. Ra5 Ke7 38. Rc5 Kd6 39. Rc4 Re8 40. Rd4+ Kc6 41. Rxe4 Ra8 42. Re7 Rh8 43. Re4 Kd5 44. c4+ Kd6 45. Kd4 Rb8 46. c5+ Kd7 47. Kc4 Rh8 48. Kd5 c6+ 49. Kc4 Rf8 50. Kd4 Rf5 51. Ke3 Rf1 52. Rf4 Rh1 53. Kf3 Ke6 54. Kg4 Ke5 55. Rf7 Rb1 56. Re7+ Kd5 57. Kf5 Rxb4 58. Re5+ Kc4 59. Re4+ Kxc5 60. Rxb4 Kxb4 61. h5 c5 62. h6 gxh6 63. gxh6 c4 64. h7 c3 65. h8=Q Kb3 66. Ke4 c2 67. Qa1 a5 68. Kd3 a4 69. Kd2 a3 70. Kc1 a2 71. Qb2+ 1-0

[Event "Winnipeg MCA Summer Seniors"]
[Site "Winnipeg CAN"]
[Date "2025.07.11"]
[Round "2.3"]
[White "Coppin, Wayne"]
[Black "Rutter, Blair"]
[Result "0-1"]
[WhiteElo "1884"]
[BlackElo "1923"]
[WhiteFideId "-1"]
[WhiteFideId "-1"]
[PlyCount "64"]
[GameId "2205803758510328"]
[EventDate "2025.07.04"]
[EventType "swiss"]
[EventRounds "4"]
[EventCountry "CAN"]

1. e4 e6 2. d4 d5 3. Be3 dxe4 4. f3 exf3 5. Nxf3 Nf6 6. Bd3 Be7 7. O-O Nbd7 8. Qe1 c5 9. c3 a6 10. Nbd2 b5 11. Ne4 c4 12. Bc2 Bb7 13. Neg5 O-O 14. Qh4 h6 15. Ne5 Nxe5 16. dxe5 Qd5 17. Nf3 Bc5 18. Bxc5 Qxc5+ 19. Kh1 Nh7 20. Rad1 Bxf3 21. Rxf3 Qxe5 22. Re1 Qg5 23. Qe4 g6 24. Rg3 Qf6 25. Rf3 Qg7 26. Qb7 Nf6 27. Ref1 Rab8 28. Qa7 Ra8 29. Qb7 Rfb8 30. Qe7 Nd5 31. Qxf7+ Qxf7 32. Rxf7 Ne3 0-1

[Event "Winnipeg MCA Summer Seniors"]
[Site "Winnipeg CAN"]
[Date "2025.07.11"]
[Round "2.4"]
[White "Adeyemi, Adebowale"]
[Black "Boron, Anthony"]
[Result "1-0"]
[WhiteElo "1783"]
[BlackElo "1973"]
[WhiteFideId "-1"]
[WhiteFideId "-1"]
[PlyCount "92"]
[GameId "2205803758510329"]
[EventDate "2025.07.04"]
[EventType "swiss"]
[EventRounds "4"]
[EventCountry "CAN"]

1. c4 e5 2. Nc3 Bb4 3. Qc2 Nc6 4. Nf3 Nf6 5. e3 O-O 6. d3 Re8 7. Be2 b6 8. a3 Bf8 9. O-O Bb7 10. b4 d6 11. b5 Nb8 12. e4 Nbd7 13. a4 Nc5 14. Bg5 Be7 15. Rfd1 Ne6 16. Bh4 Nf4 17. Bf1 Ng6 18. Bg5 Ng4 19. Bc1 Nh4 20. Qe2 Ng6 21. g3 Nf6 22. Bg2 Bc8 23. Bb2 Nd7 24. Nd5 Nf6 25. Nxe7+ Qxe7 26. Qd2 Nd7 27. Ra2 Nc5 28. Qe3 Be6 29. Bc3 f6 30. Nd2 a6 31. Rda1 axb5 32. axb5 Rac8 33. Ra7 f5 34. exf5 Bxf5 35. Bd5+ Kh8 36. d4 exd4 37. Qxd4 Qe5 38. Nf3 Qxd4 39. Nxd4 Be4 40. Re1 Bxd5 41. Rxe8+ Rxe8 42. cxd5 Rc8 43. Nf5 Ne4 44. Bxg7+ Kg8 45. Bd4 Nd2 46. Kg2 Kf7 1-0

[Event "Winnipeg MCA Summer Seniors"]
[Site "Winnipeg CAN"]
[Date "2025.07.11"]
[Round "2.5"]
[White "MacPherson, Al"]
[Black "Klokow, John"]
[Result "1/2-1/2"]
[WhiteElo "1856"]
[BlackElo "1807"]
[WhiteFideId "-1"]
[WhiteFideId "-1"]
[PlyCount "60"]
[GameId "2205803758510330"]
[EventDate "2025.07.04"]
[EventType "swiss"]
[EventRounds "4"]
[EventCountry "CAN"]

1. d4 Nf6 2. c4 e6 3. Nc3 d5 4. Nf3 c5 5. cxd5 Nxd5 6. e4 Nxc3 7. bxc3 cxd4 8. cxd4 Bb4+ 9. Bd2 Bxd2+ 10. Qxd2 O-O 11. Bc4 Nd7 12. O-O b6 13. d5 exd5 14. exd5 Bb7 15. a4 Rc8 16. Rfc1 Nf6 17. a5 Bxd5 18. Bxd5 Qxd5 19. Qe3 Rxc1+ 20. Rxc1 Qxa5 21. Qd4 Qd5 22. Qa4 Rd8 23. h3 b5 24. Qxa7 h6 25. Rc5 Qd1+ 26. Kh2 b4 27. Ne5 Nd7 28. Nxd7 Rxd7 29. Qb8+ Kh7 30. Qxb4 Qd6+ 1/2-1/2

[Event "Winnipeg MCA Summer Seniors"]
[Site "Winnipeg CAN"]
[Date "2025.07.11"]
[Round "2.6"]
[White "Aria, Armin"]
[Black "Pacin, Ondrej"]
[Result "1-0"]
[WhiteElo "1753"]
[BlackElo "1371"]
[WhiteFideId "-1"]
[WhiteFideId "-1"]
[PlyCount "77"]
[GameId "2205803758510331"]
[EventDate "2025.07.04"]
[EventType "swiss"]
[EventRounds "4"]
[EventCountry "CAN"]

1. e4 c6 2. d4 d5 3. e5 c5 4. c3 Nc6 5. Nf3 cxd4 6. cxd4 Bg4 7. Be2 e6 8. O-O Bxf3 9. Bxf3 Nge7 10. Nc3 Nf5 11. Be3 Be7 12. Bg4 Nxe3 13. fxe3 Qd7 14. Qf3 O-O 15. Qh3 Rae8 16. Rf3 Nd8 17. Rd1 Bb4 18. Ne2 Qe7 19. Rg3 f5 20. Bh5 Nf7 21. Nf4 Ng5 22. Rxg5 Qxg5 23. Bxe8 Rxe8 24. a3 Bf8 25. Rc1 Qe7 26. Qg3 Kh8 27. Qh3 Kg8 28. Qg3 Kh8 29. Qe1 g6 30. Qa5 b6 31. Qb5 Kg8 32. h3 Bh6 33. Rc7 Qd8 34. Rxa7 Bxf4 35. exf4 Kf8 36. Rxh7 Kg8 37. Qd7 Qxd7 38. Rxd7 Rb8 39. Re7 1-0

[Event "Winnipeg MCA Summer Seniors"]
[Site "Winnipeg CAN"]
[Date "2025.07.11"]
[Round "2.7"]
[White "Johnston, Devin"]
[Black "Remillard, John"]
[Result "1/2-1/2"]
[WhiteElo "1554"]
[BlackElo "1679"]
[WhiteFideId "-1"]
[WhiteFideId "-1"]
[PlyCount "75"]
[GameId "2205803758510332"]
[EventDate "2025.07.04"]
[EventType "swiss"]
[EventRounds "4"]
[EventCountry "CAN"]

1. e4 d6 2. d4 Nf6 3. Nc3 g6 4. f4 Bg7 5. Nf3 O-O 6. Bd3 Nfd7 7. O-O Nc6 8. Be3 e5 9. d5 Nd4 10. Ne2 Nxf3+ 11. Rxf3 exf4 12. Bd4 f6 13. Nxf4 Ne5 14. Rf2 Qe8 15. h3 c5 16. Bxe5 fxe5 17. Ne2 Rxf2 18. Kxf2 Bh6 19. Ng1 Bd7 20. Be2 Bb5 21. Bg4 Qf8+ 22. Nf3 Qf4 23. Qe1 Rf8 24. Kg1 Qe3+ 25. Qxe3 Bxe3+ 26. Kh1 h5 27. Be6+ Kg7 28. b3 Bf2 29. c4 Be8 30. Rf1 Bg3 31. Kg1 Rf4 32. Ng5 Kh6 33. Rxf4 Bxf4 34. Nf7+ Bxf7 35. Bxf7 Bg3 36. Be8 a5 37. a4 g5 38. Bd7 1/2-1/2

[Event "Winnipeg MCA Summer Seniors"]
[Site "Winnipeg CAN"]
[Date "2025.07.11"]
[Round "2.8"]
[White "Nikkel, Daniel"]
[Black "Melnyk, James"]
[Result "0-1"]
[WhiteElo "1371"]
[BlackElo "1621"]
[WhiteFideId "-1"]
[WhiteFideId "-1"]
[PlyCount "84"]
[GameId "2205803758575869"]
[EventDate "2025.07.04"]
[EventType "swiss"]
[EventRounds "4"]
[EventCountry "CAN"]

1. e4 Nc6 2. Nf3 d5 3. exd5 Qxd5 4. Nc3 Qh5 5. Be2 Bd7 6. d4 O-O-O 7. Ne5 Qf5 8. Nxc6 bxc6 9. Be3 Kb8 10. Qd3 Qxd3 11. Bxd3 Nf6 12. O-O g6 13. a4 Bg7 14. Rfe1 Bc8 15. Ne4 Nxe4 16. Bxe4 Bb7 17. Ra3 Bxd4 18. Bxd4 Rxd4 19. Bd3 e6 20. Rb3 Ka8 21. a5 Ra4 22. Ra3 Rxa3 23. bxa3 Rd8 24. a6 Bc8 25. f3 Rd5 26. Be4 Rc5 27. Bd3 Ra5 28. Ra1 Bxa6 29. Be4 Rc5 30. Bd3 Bxd3 31. cxd3 Kb7 32. Ra2 Rc3 33. d4 Rd3 34. Kf2 Rxd4 35. Ke3 Rd5 36. Rb2+ Rb5 37. Rxb5+ cxb5 38. Kd4 Kb6 39. g4 f6 40. f4 c5+ 41. Kc3 Kc6 42. h4 Kd5 0-1

[Event "Winnipeg MCA Summer Seniors"]
[Site "Winnipeg CAN"]
[Date "2025.07.18"]
[Round "3.1"]
[White "Baragar, Fletcher"]
[Black "Rutter, Blair"]
[Result "1-0"]
[WhiteElo "2256"]
[BlackElo "1923"]
[WhiteFideId "-1"]
[WhiteFideId "-1"]
[PlyCount "61"]
[GameId "2205803758575870"]
[EventDate "2025.07.04"]
[EventType "swiss"]
[EventRounds "4"]
[EventCountry "CAN"]

1. d4 d5 2. c4 Nf6 3. cxd5 Nxd5 4. e4 Nf6 5. Nc3 e6 6. Nf3 h6 7. Bd3 Nbd7 8. O-O Be7 9. e5 Nh7 10. Bxh7 Rxh7 11. Qc2 Rh8 12. Be3 c6 13. Rac1 Nb6 14. Nd2 Nd5 15. Nce4 f5 16. exf6 gxf6 17. Nc5 Kf7 18. Nc4 Qg8 19. Rfe1 Qg7 20. Qe4 b6 21. Nd3 Bd7 22. Bf4 Qh7 23. Qf3 Ke8 24. Bd6 Rf8 25. Nf4 Qf5 26. Nxe6 Bxe6 27. Qa3 Kd7 28. Bxe7 c5 29. Bxf8 Rxf8 30. Qxa7+ Kc6 31. Nxb6 1-0

[Event "Winnipeg MCA Summer Seniors"]
[Site "Winnipeg CAN"]
[Date "2025.07.18"]
[Round "3.2"]
[White "Adeyemi, Adebowale"]
[Black "Babb, Jeff"]
[Result "0-1"]
[WhiteElo "1783"]
[BlackElo "2039"]
[WhiteFideId "-1"]
[WhiteFideId "-1"]
[PlyCount "158"]
[GameId "2205803758575871"]
[EventDate "2025.07.04"]
[EventType "swiss"]
[EventRounds "4"]
[EventCountry "CAN"]

1. b3 e5 2. Bb2 Nc6 3. e4 Nf6 4. Nc3 a6 5. Nge2 Bc5 6. Ng3 d6 7. h3 Nd4 8. Nce2 Nxe2 9. Bxe2 c6 10. Bf3 Qb6 11. Qe2 a5 12. a3 Be6 13. O-O O-O 14. d3 Qc7 15. Rac1 b5 16. Rfd1 Qa7 17. Nf1 b4 18. a4 h6 19. Rb1 Nh7 20. Bc1 Qd7 21. Ne3 Ng5 22. Bg4 Bxg4 23. Qxg4 Qxg4 24. Nxg4 Ne6 25. Be3 Bd4 26. Bxd4 Nxd4 27. Rd2 h5 28. Ne3 g6 29. Rf1 f5 30. Nc4 Rf6 31. exf5 Nxf5 32. Nb6 Ra7 33. Nc4 Re6 34. Re1 Kf7 35. g3 Nd4 36. Kg2 Kf6 37. f3 d5 38. Ne3 Rae7 39. Rf2 Kg7 40. Ref1 Rf7 41. h4 Ref6 42. g4 Rf4 43. Kg3 Rf8 44. Kg2 Kf7 45. Kg3 Ke6 46. Ng2 R4f7 47. Ne3 Kd6 48. Kg2 Ne6 49. Kg3 Nd4 50. Ng2 hxg4 51. Kxg4 Rf5 52. f4 exf4 53. Nxf4 Ne6 54. Rf3 Nd4 55. R3f2 Ne6 56. Kg3 g5 57. Nxe6 gxh4+ 58. Kxh4 Rxf2 59. Rxf2 Rxf2 60. Kg3 Rxc2 61. Nf4 Rc3 62. Kf3 Rxb3 63. Ke3 Ra3 64. Kd2 Rxa4 65. Kc1 Ra2 66. d4 Rh2 67. Nd3 Rh3 68. Kd2 Rxd3+ 69. Kxd3 a4 70. Kc2 c5 71. dxc5+ Kxc5 72. Kb2 Kc4 73. Kc2 d4 74. Kb2 d3 75. Kc1 a3 76. Kb1 d2 77. Ka2 Kc3 78. Kb1 d1=Q+ 79. Ka2 Qc2+ 0-1

[Event "Winnipeg MCA Summer Seniors"]
[Site "Winnipeg CAN"]
[Date "2025.07.18"]
[Round "3.3"]
[White "Kuryliw, Ray"]
[Black "MacPherson, Al"]
[Result "1-0"]
[WhiteElo "1920"]
[BlackElo "1856"]
[WhiteFideId "-1"]
[WhiteFideId "-1"]
[PlyCount "115"]
[GameId "2205803758584064"]
[EventDate "2025.07.04"]
[EventType "swiss"]
[EventRounds "4"]
[EventCountry "CAN"]

1. d4 d5 2. Bf4 c5 3. e3 Nc6 4. c3 Nf6 5. Nf3 Bf5 6. Ne5 Qb6 7. Qb3 e6 8. Nd2 Nh5 9. Bg3 Nxg3 10. hxg3 h6 11. Be2 c4 12. Qxb6 axb6 13. O-O Bd6 14. f4 Ke7 15. g4 Bh7 16. g3 f6 17. Nxc6+ bxc6 18. Nf3 Bg6 19. Kf2 c5 20. a3 Ra7 21. Rh1 Be4 22. Rh2 Raa8 23. Nh4 g5 24. Ng2 b5 25. Rah1 Kf7 26. Rxh6 Rxh6 27. Rxh6 Kg7 28. fxg5 Rf8 29. Rxf6 Rxf6+ 30. gxf6+ Kxf6 31. dxc5 Bxc5 32. Bf3 Bg6 33. Nf4 Bf7 34. Ne2 Be8 35. Nd4 Bd7 36. Bd1 Be7 37. Bc2 Bc5 38. Kf3 Bb6 39. Ne2 Bc6 40. e4 Ke5 41. Nd4 dxe4+ 42. Ke3 Kf6 43. Bxe4 Bd7 44. Kf3 Bxd4 45. cxd4 Kg5 46. Bb7 Kf6 47. Ke4 Kg5 48. d5 Kxg4 49. Bc6 exd5+ 50. Kxd5 Bc8 51. Bxb5 c3 52. bxc3 Kxg3 53. c4 Kf4 54. c5 Kf5 55. Kd6 Ke4 56. a4 Kd4 57. a5 Kc3 58. a6 1-0

[Event "Winnipeg MCA Summer Seniors"]
[Site "Winnipeg CAN"]
[Date "2025.07.18"]
[Round "3.4"]
[White "Lauritson, Jim"]
[Black "Aria, Armin"]
[Result "1-0"]
[WhiteElo "1910"]
[BlackElo "1753"]
[WhiteFideId "-1"]
[WhiteFideId "-1"]
[PlyCount "117"]
[GameId "2205803758584065"]
[EventDate "2025.07.04"]
[EventType "swiss"]
[EventRounds "4"]
[EventCountry "CAN"]

1. d4 d5 2. c4 e6 3. Nc3 h6 4. Nf3 Nf6 5. Bf4 Bd6 6. Bxd6 Qxd6 7. e3 a6 8. c5 Qe7 9. Ne5 O-O 10. Bd3 Nbd7 11. f4 Nxe5 12. fxe5 Ne4 13. Bxe4 dxe4 14. Nxe4 Qh4+ 15. Ng3 Qg5 16. Qf3 Bd7 17. O-O Bc6 18. Qf4 Qg6 19. Rf2 b6 20. cxb6 cxb6 21. Rc1 Bb5 22. Ne4 Rac8 23. Rc3 Rxc3 24. Nxc3 Bc6 25. e4 b5 26. d5 exd5 27. Nxd5 Bxd5 28. exd5 Qb1+ 29. Rf1 Qxa2 30. Qd4 Rd8 31. Rd1 Qc4 32. Qxc4 bxc4 33. Kf2 Kf8 34. Ke3 Rb8 35. d6 Ke8 36. Rd2 Kd7 37. Kd4 Rb5 38. Re2 Rb4 39. Kd5 a5 40. h3 h5 41. Rd2 Rb8 42. Kxc4 Re8 43. Kd5 Rb8 44. Re2 Rb5+ 45. Kc4 Rb8 46. Kc5 Rc8+ 47. Kb5 Ra8 48. Kb6 a4 49. Rf2 Ke6 50. Re2 Kd7 51. Kb7 Ra5 52. Kb6 Ra8 53. Rf2 Ke6 54. Kb7 Rd8 55. Kc7 Rd7+ 56. Kc8 Ra7 57. Re2 Rd7 58. Rd2 f6 59. exf6 1-0

[Event "Winnipeg MCA Summer Seniors"]
[Site "Winnipeg CAN"]
[Date "2025.07.18"]
[Round "3.5"]
[White "Melnyk, James"]
[Black "Coppin, Wayne"]
[Result "1-0"]
[WhiteElo "1621"]
[BlackElo "1884"]
[WhiteFideId "-1"]
[WhiteFideId "-1"]
[PlyCount "75"]
[GameId "2205803758584066"]
[EventDate "2025.07.04"]
[EventType "swiss"]
[EventRounds "4"]
[EventCountry "CAN"]

1. e4 d6 2. d4 Nf6 3. Bd3 e5 4. Nf3 Nbd7 5. O-O Be7 6. c3 O-O 7. Nbd2 c6 8. a4 a5 9. Nc4 Qc7 10. Ne3 g6 11. Bd2 Re8 12. Re1 Bf8 13. Nf1 Qb6 14. Qc2 Bg7 15. Ng3 Nf8 16. h3 Ne6 17. dxe5 dxe5 18. Nxe5 Nc5 19. Nc4 Qd8 20. Bf1 Be6 21. Bf4 Bxc4 22. Bxc4 Ne6 23. Rad1 Qc8 24. Be3 Nd7 25. Rd2 Ne5 26. Be2 h5 27. f4 h4 28. Nf1 Nd7 29. f5 Nec5 30. fxg6 fxg6 31. Bf3 b6 32. Bg5 Bf6 33. Bxf6 Nxf6 34. e5 Qf5 35. Qxf5 gxf5 36. Bxc6 Nce4 37. Bxa8 Nxd2 38. Nxd2 1-0

[Event "Winnipeg MCA Summer Seniors"]
[Site "Winnipeg CAN"]
[Date "2025.07.18"]
[Round "3.6"]
[White "Boron, Anthony"]
[Black "Remillard, John"]
[Result "1-0"]
[WhiteElo "1973"]
[BlackElo "1679"]
[WhiteFideId "-1"]
[WhiteFideId "-1"]
[PlyCount "83"]
[GameId "2205803758592259"]
[EventDate "2025.07.04"]
[EventType "swiss"]
[EventRounds "4"]
[EventCountry "CAN"]

1. e4 d6 2. d4 Nf6 3. Nc3 g6 4. Be3 Bg7 5. Qd2 Nfd7 6. Nf3 f6 7. h3 O-O 8. Bc4+ Kh8 9. Bh6 Nc6 10. O-O-O e5 11. d5 Na5 12. Be2 a6 13. h4 b5 14. Bxg7+ Kxg7 15. b3 h6 16. g4 Nb7 17. g5 h5 18. Rdg1 f5 19. exf5 Rxf5 20. Rg3 Qf8 21. Nd1 Nbc5 22. Qe3 Rf4 23. Nd2 Nb6 24. Rf3 Nxd5 25. Rxf4 Qxf4 26. Qxf4 Nxf4 27. Bf3 Bb7 28. Bxb7 Nxb7 29. Ne4 d5 30. Nf6 Rd8 31. Re1 e4 32. Nc3 c6 33. Ne2 Nxe2+ 34. Rxe2 Kf7 35. f3 exf3 36. Rf2 Nd6 37. Rxf3 Nf5 38. Nxh5 gxh5 39. Rxf5+ Ke7 40. Rf6 Rd6 41. Rxd6 Kxd6 42. b4 1-0

[Event "Winnipeg MCA Summer Seniors"]
[Site "Winnipeg CAN"]
[Date "2025.07.18"]
[Round "3.7"]
[White "Greenberg, Harley"]
[Black "Johnston, Devin"]
[Result "1/2-1/2"]
[WhiteElo "1670"]
[BlackElo "1554"]
[WhiteFideId "-1"]
[WhiteFideId "-1"]
[PlyCount "117"]
[GameId "2205803758592260"]
[EventDate "2025.07.04"]
[EventType "swiss"]
[EventRounds "4"]
[EventCountry "CAN"]

1. d4 Nf6 2. c4 g6 3. Nc3 Bg7 4. e4 d6 5. Bd3 O-O 6. Nge2 Nc6 7. Be3 e5 8. d5 Nb4 9. O-O Ng4 10. Qd2 Qh4 11. h3 Nxe3 12. Qxe3 f5 13. f4 Nxd3 14. Qxd3 fxe4 15. Nxe4 exf4 16. Rxf4 Rxf4 17. g3 Qxh3 18. Nxf4 Qg4 19. Re1 Bf5 20. Kf2 Rf8 21. Kg2 Be5 22. Qe2 Bxf4 23. Qxg4 Bxg4 24. gxf4 Kg7 25. Kg3 Bf5 26. Ng5 h6 27. Ne6+ Bxe6 28. Rxe6 Kf7 29. Kg4 Re8 30. f5 Rxe6 31. dxe6+ Kf6 32. fxg6 Kxg6 33. e7 h5+ 34. Kh4 Kf7 35. Kxh5 Kxe7 36. Kg5 Ke6 37. Kf4 c6 38. Ke4 d5+ 39. Kd4 Kd6 40. b4 dxc4 41. Kxc4 b5+ 42. Kd4 a6 43. a3 Kc7 44. Kc5 Kb7 45. Kd4 Kb6 46. Kd3 a5 47. Kc3 c5 48. bxc5+ Kxc5 49. Kb3 a4+ 50. Kc3 Kd5 51. Kd3 Kc6 52. Kd4 Kb6 53. Kd3 Ka6 54. Kd4 Ka5 55. Kc3 b4+ 56. axb4+ Kb5 57. Kb2 Kxb4 58. Ka2 a3 59. Kb1 1/2-1/2

[Event "Winnipeg MCA Summer Seniors"]
[Site "Winnipeg CAN"]
[Date "2025.07.18"]
[Round "3.8"]
[White "Pacin, Ondrej"]
[Black "Nikkel, Daniel"]
[Result "1-0"]
[WhiteElo "1371"]
[BlackElo "1371"]
[WhiteFideId "-1"]
[WhiteFideId "-1"]
[PlyCount "85"]
[GameId "2205803758592261"]
[EventDate "2025.07.04"]
[EventType "swiss"]
[EventRounds "4"]
[EventCountry "CAN"]

1. e4 e5 2. Nf3 Nc6 3. Bc4 Bc5 4. c3 d6 5. d3 Bg4 6. Qb3 Be6 7. Bxe6 fxe6 8. Qxe6+ Qe7 9. Ng5 Nd8 10. Qxe7+ Nxe7 11. b4 Bb6 12. Nd2 O-O 13. O-O Ng6 14. Nc4 Nf4 15. Nxb6 axb6 16. Bxf4 Rxf4 17. a3 h6 18. Nh3 Rf8 19. f4 Ne6 20. f5 Nd8 21. g4 Nf7 22. Kg2 c6 23. Ng1 b5 24. h4 Nh8 25. g5 hxg5 26. hxg5 Nf7 27. g6 Nh6 28. Kg3 b6 29. Nf3 c5 30. Rh1 Rfc8 31. bxc5 Rxc5 32. Rhc1 Rac8 33. Rab1 Rxc3 34. Rxc3 Rxc3 35. Rxb5 Rc6 36. a4 Kf8 37. a5 bxa5 38. Rxa5 Rc3 39. Ne1 Ke7 40. Ra7+ Kf8 41. Rd7 Rc6 42. Nf3 Ng8 43. Rd8+ 1-0

[Event "Winnipeg MCA Summer Seniors"]
[Site "Winnipeg CAN"]
[Date "2025.07.25"]
[Round "4.1"]
[White "Babb, Jeff"]
[Black "Baragar, Fletcher"]
[Result "1/2-1/2"]
[WhiteElo "2039"]
[BlackElo "2256"]
[WhiteFideId "-1"]
[WhiteFideId "-1"]
[PlyCount "65"]
[GameId "2205803758600454"]
[EventDate "2025.07.04"]
[EventType "swiss"]
[EventRounds "4"]
[EventCountry "CAN"]

1. f4 d5 2. Nf3 Nf6 3. g3 g6 4. Bg2 Bg7 5. O-O O-O 6. c3 c5 7. d3 Nc6 8. Na3 d4 9. e4 e5 10. Nc4 exf4 11. gxf4 Be6 12. Nce5 Nxe5 13. fxe5 Nd7 14. cxd4 cxd4 15. Bf4 Bg4 16. Qb3 Nc5 17. Qa3 Ne6 18. Bg3 Bxf3 19. Rxf3 Qc7 20. Qd6 Qc2 21. h4 Rad8 22. Qa3 Qc5 23. Qxc5 Nxc5 24. Bh3 a5 25. Rc1 b6 26. Rc4 Rfe8 27. b4 axb4 28. Rxb4 Bxe5 29. Bxe5 Rxe5 30. Rxb6 Re7 31. Rc6 Na4 32. Ra6 Nc3 33. Rf1 1/2-1/2

[Event "Winnipeg MCA Summer Seniors"]
[Site "Winnipeg CAN"]
[Date "2025.07.25"]
[Round "4.2"]
[White "Rutter, Blair"]
[Black "Adeyemi, Adebowale"]
[Result "1-0"]
[WhiteElo "1923"]
[BlackElo "1783"]
[WhiteFideId "-1"]
[WhiteFideId "-1"]
[PlyCount "111"]
[GameId "2205803758600455"]
[EventDate "2025.07.04"]
[EventType "swiss"]
[EventRounds "4"]
[EventCountry "CAN"]

1. c4 c5 2. g3 Nc6 3. Bg2 e6 4. e4 Nf6 5. Ne2 e5 6. Nbc3 a6 7. d3 h6 8. O-O d6 9. h3 Be6 10. Kh2 Be7 11. f4 Rb8 12. f5 Bd7 13. g4 Nd4 14. Be3 b5 15. b3 b4 16. Nb1 Qc7 17. Nd2 Nc6 18. Ng3 Nh7 19. Nf3 Ng5 20. Nh5 Rh7 21. Qd2 Nxf3+ 22. Rxf3 f6 23. Rf2 a5 24. Bf3 Kf8 25. Kg2 Be8 26. Ng3 Nd4 27. Bd1 Ra8 28. Qb2 Nc6 29. Nf1 Qb7 30. Bd2 Bf7 31. Ne3 Nd4 32. Kg3 Ra7 33. Rh2 h5 34. h4 hxg4 35. Nxg4 Bh5 36. Be3 Qd7 37. Bxd4 cxd4 38. Bf3 Qe8 39. Qe2 g6 40. Rg1 Bd8 41. Kf2 gxf5 42. exf5 Rag7 43. Rhg2 Qf7 44. Qe4 Qe7 45. Qd5 Bf7 46. Qa8 Rxh4 47. Nh2 Rxg2+ 48. Rxg2 Rf4 49. Kg1 Rxf5 50. Kh1 Rf4 51. Bd5 f5 52. Bxf7 Kxf7 53. Qd5+ Kf6 54. Qg8 e4 55. Rg6+ Ke5 56. Qd5# 1-0

[Event "Winnipeg MCA Summer Seniors"]
[Site "Winnipeg CAN"]
[Date "2025.07.25"]
[Round "4.3"]
[White "Lauritson, Jim"]
[Black "Kuryliw, Ray"]
[Result "1-0"]
[WhiteElo "1910"]
[BlackElo "1920"]
[WhiteFideId "-1"]
[WhiteFideId "-1"]
[PlyCount "71"]
[GameId "2205803758600456"]
[EventDate "2025.07.04"]
[EventType "swiss"]
[EventRounds "4"]
[EventCountry "CAN"]

1. d4 Nf6 2. c4 e5 3. dxe5 Ng4 4. Nf3 Nc6 5. Nc3 Ngxe5 6. Nxe5 Nxe5 7. e4 b6 8. Be2 Bb7 9. O-O Be7 10. Be3 O-O 11. f4 Nc6 12. Nd5 Re8 13. Bf3 Bf8 14. Qd2 d6 15. b4 Qd7 16. Rad1 Rad8 17. Qc3 Qc8 18. b5 Ne7 19. a4 c5 20. e5 dxe5 21. fxe5 h6 22. Bh5 Ng6 23. Bxg6 fxg6 24. Bf4 Bxd5 25. cxd5 Qg4 26. h3 Qh5 27. Qc4 Qh4 28. d6+ Kh7 29. Qc2 Qh5 30. Bh2 Qg5 31. Qf2 Rxe5 32. Bxe5 Qxe5 33. Qxf8 Rxf8 34. Rxf8 Qe3+ 35. Kh1 Qe2 36. Rff1 1-0